00390nam a2200133Ia 450000500170000000800410001702000180005808200170007610000560009324500430014926000330019230000130022565000180023820250318143509.0231217s9999 xx 000 0 und d a9788174465870 a658.83 DHA;2 aDhar, Upinder. Nath, V V. Nair, Satish K [et al...] 0aNew age marketing : emerging realities c2008bExell BooksaNew Delhi axxvi+838 aage,marketing